Statistics for Every Football League Club Ending in “Rovers” or “Wanderers”

Click here to take the quiz!

General Stats

  • This quiz has been taken 517 times
  • The average score is 5 of 9

Answer Stats

GroupsClubs% Correct
“Rovers” clubsBlackburn Rovers
91%
“Wanderers” clubsBolton Wanderers
86%
“Wanderers” clubsWolverhampton Wanderers
83%
“Rovers” clubsBristol Rovers
77%
“Wanderers” clubsWycombe Wanderers
63%
“Rovers” clubsDoncaster Rovers
48%
“Rovers” clubsTranmere Rovers
45%
“Rovers” clubsForest Green Rovers
31%
“Wanderers” clubsBurton Wanderers
6%

Score Distribution

Percentile by Number Answered

Percent of People with Each Score

Your Score History

You have not taken this quiz